00417nam a2200145Ia 4500008004100000020001800041041000800059082001500067100001600082245008500098250000700183260004900190300000800239650002400247230516s2003 xx 000 0 und d a0-02-366480-0 aeng a500.03 BAI aBAILEY JILL aTHE NEW ENCYCLOPEDIA OF SCIENCE - 8 EVOLUTIONAND GENETICSbEVOLUTIONAND GENETICS aII aNEW YORKbOXFORD UNIVERSITY PRESS INC.c2003 a176 aTEACHING OF SCIENCE